| 000 | 00796cab a2200241 4500 | ||
|---|---|---|---|
| 001 | WB3520-25 | ||
| 008 | 090401t1999 xxu||||| |||| 00| 0 eng d | ||
| 035 | _a(Sirsi) u93581 | ||
| 041 | _aeng | ||
| 245 | _aNo escape from the net | ||
| 260 | _c1999 | ||
| 350 | _a0 | ||
| 490 |
_aFinancial Times _v22 May 1999, 3:2(1) |
||
| 520 | _aDiscusses the use of the internet to advertise properties. One brokerage in New York is selling more than one apartment a day via the web, sometimes without the purchaser actually visiting the property. | ||
| 650 | _aHOUSE SALES | ||
| 650 | _aINTERNET | ||
| 650 | _aPROPERTY ADVERTISING | ||
| 650 | _aWEBSITES | ||
| 650 | _aWORLD WIDE WEB | ||
| 690 | _aPROPERTY-RESIDENTIAL PROPERTY-RESIDENTIAL PROPERTY MARKET | ||
| 942 | _n0 | ||
| 948 | _c26/05/1999 | ||
| 999 |
_c59305 _d59305 |
||